[Event "CHOCOLATE IV"]
[Site "http://www.queenalice.com/game.php?id=636904"]
[Date "2009.8.15"]
[Round "-"]
[White "perucona"]
[Black "Tolston"]
[Result "0-1"]
[WhiteElo "1596"]
[BlackElo "1754"]

1. e4 e5 2. d4 exd4 3. Qxd4 Nc6 4. Qd5 Nf6 5. Qd3 d6 6. Bg5 Be7 7. Bxf6 Bxf6 8.
c3 Ne5 9. Qe2 O-O 10. Na3 Be6 11. O-O-O a6 12. Nf3 Nxf3 13. gxf3 b5 14. Bg2 Qb8
15. f4 b4 16. cxb4 Bh4 17. f5 Bxa2 18. Rd3 Qxb4 19. Rd2 Bg5 20. f4 Bxf4 21. Nc2
Bxd2+ 22. Qxd2 Qxd2+ 23. Kxd2 Rab8 24. Bf1 a5 25. Bd3 Rxb2 26. Rc1 Rfb8 27. h3
a4 28. h4 a3 29. h5 Bb1 30. Bc4 Bxc2 31. Rxc2 Rxc2+ 32. Kxc2 Kf8 33. Ba2 Rb2+
34. Kc1 Rxa2 35. Kb1 Rh2 36. Ka1 c5 37. Kb1 c4 38. Ka1 c3 39. Kb1 a2+ 40. Ka1 c2
41. Kxa2 c1=Q+ 42. Kb3 Rb2+ 43. Ka3 Qa1# 0-1

[Event "PERDI DE NOVO V"]
[Site "http://www.queenalice.com/game.php?id=641597"]
[Date "2009.8.24"]
[Round "-"]
[White "perucona"]
[Black "Tolston"]
[Result "0-1"]
[WhiteElo "1577"]
[BlackElo "1781"]

1. e4 e6 2. d4 d5 3. e5 c5 4. dxc5 Bxc5 5. Be3 Bxe3 6. fxe3 Qh4+ 7. g3 Qe4 8.
Nf3 Qxe3+ 9. Qe2 Qc1+ 10. Qd1 Qxb2 11. Nbd2 Nc6 12. Rb1 Qxa2 13. Bd3 Nge7 14.
O-O O-O 15. c4 dxc4 16. Bxc4 Qa5 17. Rb5 Qc7 18. Ne4 Rd8 19. Qe2 a6 20. Rbb1 b5
21. Ba2 Bb7 22. Rbd1 Nxe5 23. Nxe5 Qxe5 24. Rxd8+ Rxd8 25. Re1 Bxe4 26. Qxe4
Qxe4 27. Rxe4 Rd1+ 28. Kf2 g6 29. Re2 Kg7 30. Bb3 Nf5 31. Bxd1 Nd4 32. Rd2 e5
33. Bc2 f5 34. h3 Kf6 35. Bd3 a5 36. Rb2 b4 37. Rb1 e4 38. Bf1 Ke5 39. Ra1 e3+
40. Ke1 Nc2+ 41. Kd1 Nxa1 42. Kc1 b3 43. Kb2 Kd4 44. Bb5 h6 45. Ba4 e2 46. Kxa1
e1=Q+ 47. Kb2 Qc3+ 48. Ka3 Kc4 49. Bb5+ Kxb5 50. g4 b2+ 51. Ka2 Qc2 52. Ka3
b1=N# 0-1

[Event "Challenge"]
[Site "http://www.queenalice.com/game.php?id=641701"]
[Date "2009.8.24"]
[Round "-"]
[White "Tolston"]
[Black "Popeye"]
[Result "1-0"]
[WhiteElo "1740"]
[BlackElo "1690"]

1. e4 e5 2. Nf3 d6 3. d4 exd4 4. Qxd4 Nc6 5. Bb5 Qd7 6. Bxc6 Qxc6 7. Nc3 h6 8.
Be3 Bg4 9. h3 Bxf3 10. gxf3 Nf6 11. O-O-O a6 12. Rhe1 Be7 13. Kb1 O-O 14. Rg1
Rfd8 15. Bxh6 g6 16. Nd5 Qe8 17. Nxf6+ Bxf6 18. Qxf6 Qf8 19. Bxf8 Rxf8 20. Rg4
Rad8 21. Rh4 1-0

[Event "Challenge"]
[Site "http://www.queenalice.com/game.php?id=641717"]
[Date "2009.8.24"]
[Round "-"]
[White "talisman77"]
[Black "Tolston"]
[Result "0-1"]
[WhiteElo "1796"]
[BlackElo "1764"]

1. d4 d5 2. c4 e6 3. Nc3 Bb4 4. Bd2 Nf6 5. Nf3 O-O 6. e3 c5 7. dxc5 Bxc5 8. Be2
Nc6 9. a3 a6 10. Na4 Ba7 11. c5 Qe7 12. Rc1 Bd7 13. Qb3 Rab8 14. Nd4 Nxd4 15.
Qd1 Nf5 16. Bd3 e5 17. Bb4 e4 18. c6 Qe5 19. Bxf8 Bxc6 20. Nc3 exd3 21. Qxd3
Rxf8 22. O-O Ng4 23. g3 Nh4 24. Qe2 h5 25. f4 Bxe3+ 0-1

[Event "Contenda"]
[Site "http://www.queenalice.com/game.php?id=643083"]
[Date "2009.8.27"]
[Round "-"]
[White "Landoaldojr"]
[Black "Tolston"]
[Result "1-0"]
[WhiteElo "1694"]
[BlackElo "1716"]

1. e3 e5 2. e4 d5 3. Bd3 d4 4. h3 Nf6 5. Nf3 Bd6 6. O-O c5 7. b3 Bd7 8. c4 Nc6
9. Na3 Nb4 10. Be2 d3 11. Bxd3 Nxd3 12. Nb5 Bb8 13. Nc3 Nb4 14. a3 Nc6 15. d3
O-O 16. Nd5 Qe7 17. Nxe7+ 1-0

[Event "AUTO-OPEN-1589"]
[Site "http://www.queenalice.com/game.php?id=646636"]
[Date "2009.9.3"]
[Round "2"]
[White "Tolston"]
[Black "jagvg"]
[Result "0-1"]
[WhiteElo "1789"]
[BlackElo "2362"]

1. d4 d5 2. c4 e6 3. Nc3 Be7 4. Nf3 Nf6 5. cxd5 exd5 6. Bg5 c6 7. Qc2 Na6 8. a3
Nc7 9. e3 O-O 10. Bd3 h6 11. Bf4 Bg4 12. Ne5 Be6 13. O-O Bd6 14. f3 Nh5 15. Bg3
Nxg3 16. hxg3 Bxe5 17. dxe5 Qg5 18. Kf2 Qxe5 19. Rae1 c5 20. Qd2 Rad8 21. Nb5
Nxb5 22. Bxb5 d4 23. exd4 Qxd4+ 24. Qxd4 Rxd4 25. Rd1 Rfd8 26. Rxd4 cxd4 27. Bd3
Kf8 28. Rc1 Ke7 29. Rc7+ Rd7 30. Rxd7+ Bxd7 31. Ke2 Kd6 32. Bc4 Be6 33. Bd3 Ke5
34. Kd2 Bd5 35. Ke2 f5 36. Kf2 g5 37. Be2 Bb3 38. Bd3 a6 39. Ke2 b5 40. Kf2 Bc4
0-1

[Event "AUTO-OPEN-1589"]
[Site "http://www.queenalice.com/game.php?id=646637"]
[Date "2009.9.3"]
[Round "2"]
[White "jagvg"]
[Black "Tolston"]
[Result "1-0"]
[WhiteElo "2340"]
[BlackElo "1742"]

1. e4 e5 2. Nf3 Nf6 3. d4 exd4 4. e5 Nd5 5. Qxd4 Nb6 6. Qe4 Nc6 7. Nc3 Bb4 8.
Bg5 Be7 9. Bxe7 Qxe7 10. Bd3 Nb4 11. O-O-O Nxd3+ 12. Qxd3 O-O 13. Rhe1 Rb8 14.
Ne4 Na8 15. Nfg5 b6 16. Nf6+ 1-0

[Event "AUTO-BEG-325"]
[Site "http://www.queenalice.com/game.php?id=662091"]
[Date "2009.10.3"]
[Round "2"]
[White "ichabod"]
[Black "Tolston"]
[Result "1-0"]
[WhiteElo "1453"]
[BlackElo "1737"]

1. d4 Nf6 2. d5 g6 3. c4 Bg7 4. f4 d6 5. h3 O-O 6. g4 c6 7. Nc3 cxd5 8. cxd5 Na6
9. Nf3 Nc5 10. b4 Nce4 11. Nxe4 Nxe4 12. Rg1 Bxa1 13. Qd3 f5 14. gxf5 1-0

[Event "AUTO-BEG-325"]
[Site "http://www.queenalice.com/game.php?id=662092"]
[Date "2009.10.3"]
[Round "2"]
[White "Tolston"]
[Black "ichabod"]
[Result "0-1"]
[WhiteElo "1710"]
[BlackElo "1480"]

1. e4 e5 2. Nf3 Nc6 3. Bc4 a6 4. c3 b5 5. Bb3 Nf6 6. Bc2 d5 7. exd5 Qxd5 8. O-O
e4 9. Re1 Bf5 10. d3 O-O-O 11. Bb3 Qxd3 12. Qxd3 exd3 13. Bxf7 h5 0-1

[Event "AUTO-BEG-325"]
[Site "http://www.queenalice.com/game.php?id=662100"]
[Date "2009.10.3"]
[Round "2"]
[White "Tolston"]
[Black "cass"]
[Result "0-1"]
[WhiteElo "1763"]
[BlackElo "1515"]

1. d4 d5 2. c4 e6 3. Nc3 Nf6 4. cxd5 exd5 5. Bg5 c6 6. Qc2 h6 7. Bh4 g5 8. Bg3
Ng4 9. Nf3 h5 10. h3 Nh6 11. Ne5 Bf5 12. Qb3 b5 13. e3 f6 0-1

[Event "AUTO-BEG-325"]
[Site "http://www.queenalice.com/game.php?id=662101"]
[Date "2009.10.3"]
[Round "2"]
[White "cass"]
[Black "Tolston"]
[Result "1-0"]
[WhiteElo "1487"]
[BlackElo "1791"]

1. e4 c5 2. Nf3 d6 3. Nc3 Nc6 4. d3 Nf6 5. Be2 e6 6. O-O Be7 7. Qd2 O-O 8. Qe3
Ng4 9. Qf4 Nge5 10. Bd2 Bd7 11. Qg3 Nxf3+ 12. Bxf3 Nd4 13. Bd1 b5 14. b3 1-0